<?xml version="1.0" encoding="UTF-8"?>
<record
    xmlns:xsi="http://www.w3.org/2001/XMLSchema-instance"
    xsi:schemaLocation="http://www.loc.gov/MARC21/slim http://www.loc.gov/standards/marcxml/schema/MARC21slim.xsd"
    xmlns="http://www.loc.gov/MARC21/slim">

  <leader>00725nam a2200217Ia 4500</leader>
  <controlfield tag="001">T232763</controlfield>
  <controlfield tag="003">DR-UNIBE</controlfield>
  <datafield tag="040" ind1=" " ind2=" ">
    <subfield code="a">BIBLIOTECA UNIBE</subfield>
    <subfield code="c">BIBLIOTECA UNIBE</subfield>
  </datafield>
  <controlfield tag="008">050707s2015    dr                  spa d</controlfield>
  <datafield tag="260" ind1=" " ind2=" ">
    <subfield code="a">Santo Domingo, Rep&#xFA;blica Dominicana :</subfield>
    <subfield code="c">050707s2015    dr                  spa d</subfield>
    <subfield code="c">0015                          dr     </subfield>
  </datafield>
  <datafield tag="650" ind1=" " ind2=" ">
    <subfield code="a">Autodeterminaci&#xF3;n nacional</subfield>
  </datafield>
  <datafield tag="650" ind1=" " ind2=" ">
    <subfield code="a">Autodeterminaci&#xF3;n nacional </subfield>
    <subfield code="x">-Aspectos jur&#xED;dicos</subfield>
  </datafield>
  <datafield tag="650" ind1=" " ind2=" ">
    <subfield code="a">Derecho internacional p&#xFA;blico</subfield>
  </datafield>
  <datafield tag="650" ind1=" " ind2=" ">
    <subfield code="a">Autonom&#xED;a</subfield>
  </datafield>
  <datafield tag="650" ind1=" " ind2=" ">
    <subfield code="a">Separatismo</subfield>
  </datafield>
  <datafield tag="650" ind1=" " ind2=" ">
    <subfield code="a">Soberan&#xED;a</subfield>
  </datafield>
  <controlfield tag="008">0000002015                          dr     0000000000spa00</controlfield>
  <datafield tag="951" ind1=" " ind2=" ">
    <subfield code="a">20160620 19:40:26</subfield>
  </datafield>
  <datafield tag="942" ind1=" " ind2=" ">
    <subfield code="c">TH</subfield>
    <subfield code="2">ddc</subfield>
  </datafield>
  <controlfield tag="001">T232763</controlfield>
  <datafield tag="999" ind1=" " ind2=" ">
    <subfield code="c">34477</subfield>
    <subfield code="d">34477</subfield>
  </datafield>
</record>
